000 00839nam a2200181 a 4500
008 120416s1982 xx |||||||||||||| || u
050 _aTS 157.A2
100 _aReinfeld, Nyles V
245 1 0 _aProduction and inventory control
260 _c1982
350 _a0.00
650 _aPRODUCTION
650 _aPRODUCTION CONTROL
650 _aINVENTORY CONTROL
995 _aANNEX COLLECTION (Main Library)
_D0.00
_e015957
_FCBU-MAIN LIBRARY (Kitwe)
_H1
_I27.75
_jTS 157.A2 Rey
_UAVAILABLE
_y015957
_ZAnnex Low-Usage Collection
995 _aANNEX COLLECTION (Main Library)
_D0.00
_e015956
_FCBU-MAIN LIBRARY (Kitwe)
_H2
_I27.75
_jTS 157.A2 Rey
_UAVAILABLE
_y015956
_ZAnnex Low-Usage Collection
995 _aMAIN LIBRARY OPEN ACCESS
_D0.00
_e015955
_FCBU-MAIN LIBRARY (Kitwe)
_H3
_I27.75
_jTS 157.A2 Rey
_UAVAILABLE
_y015955
_ZMain Library Open Access Collection
999 _c77226
_d77226